Catálogo

Vista normal Vista MARC

Entrada Personal Name

Número de registros utilizados en: 3

001 - CONTROL NUMBER

  • control field: 10168

003 - CONTROL NUMBER IDENTIFIER

  • control field: DLC

005 - DATE AND TIME OF LATEST TRANSACTION

  • control field: 20230502090737.0

008 - FIXED-LENGTH DATA ELEMENTS

  • fixed length control field: 800703n| azannaabn |n aaa

010 ## - LIBRARY OF CONGRESS CONTROL NUMBER

  • LC control number: n 80066895

035 ## - SYSTEM CONTROL NUMBER

  • System control number: (OCoLC)oca00448453

040 ## - CATALOGING SOURCE

  • Original cataloging agency: DLC
  • Language of cataloging: spa
  • Description conventions: rda
  • Transcribing agency: Mx-PuUPA
  • Modifying agency: DLC
  • Modifying agency: Uk
  • Modifying agency: OCoLC
  • Modifying agency: IEN
  • Modifying agency: CSt
  • Modifying agency: UPB
  • Modifying agency: DLC
  • Modifying agency: UPB
  • Modifying agency: Mx-PuUPA

046 ## - SPECIAL CODED DATES

  • Birth date: 19330609
  • Death date: 20141203
  • Source of date scheme: edtf

053 #0 - LC CLASSIFICATION NUMBER

  • Classification number element--single number or beginning number of span: PQ7297.L37

100 1# - HEADING--PERSONAL NAME

  • Personal name: Leñero, Vicente,
  • Dates associated with a name: 1933-2014

370 ## - ASSOCIATED PLACE

  • Place of birth: Guadalajara (México)
  • Place of death: México City (México)
  • Source of term: naf

372 ## - FIELD OF ACTIVITY

  • Field of activity: Literatura mexicana
  • Source of term: lcsh

374 ## - OCCUPATION

  • Occupation: Autor
  • Source of term: lcsh

375 ## - GENDER

  • Gender: hombre

377 ## - ASSOCIATED LANGUAGE

  • Language code: spa

670 ## - SOURCE DATA FOUND

  • Source citation: His La polvareda, y otros cuentos, 1959.

670 ## - SOURCE DATA FOUND

  • Source citation: Info. converted from 678, 2012-10-02
  • Information found: (b. 6/9/33)

670 ## - SOURCE DATA FOUND

  • Source citation: Más gente así, 2013:
  • Information found: cover front flap (b. 1933 in Guadalajara, Mexico)

670 ## - SOURCE DATA FOUND

  • Source citation: El país WWW site, Dec. 3, 2014
  • Information found: (Vicente Leñero; b. June 9, 1933, Guadalajara; d. this Wednesday [Dec. 3, 2014], Mexico City, at age 81)

670 ## - SOURCE DATA FOUND

  • Source citation: El evangelio de Lucas Gavilán, 2001:
  • Information found: t.p. (Vicente Leñero) de portada

670 ## - SOURCE DATA FOUND

  • Source citation: Biblioteca del congreso (Estados Unidos), 24 octubre 2019:
  • Information found: Catálogo electrónico
  • Uniform Resource Identifier: http://bit.ly/2W7BEXU